000 00520nam a2200193Ia 4500
008 220216s9999 xx 000 0 und d
100 _aPradeep B
245 0 _aCurrent status and future prospects of mapping rubber plantations in India
260 _bRubber Science
_c2020
300 _a127-139
650 _aNR acreage
650 _aNR plantations
650 _aRemote sensing
650 _aSatellite data
650 _aSpectral reflectance
700 _aAnnamalainathan K
700 _aJacob J
942 _cJS
999 _c56657
_d56657